Casos difc̕iles de conciencia judicial

Bibliographic Details
Main Author: Rodrg̕uez Llamos,̕ Juan Ramn̤
Format: eBook
Language:Spanish
Published: Madrid: Dykinson, 2020
Subjects:
Online Access:Acceso restringido

MARC

LEADER 00000nam a22000007a 4500
005 20211004212441.0
007 cr|||| ||||
008 211004s2020 es |||||s|||| 00||0 spa d
020 |a 978-84-1377-306-3 
035 |a 33520 
040 |a vLex 
090 |c 12481  |d 12481 
100 1 |a Rodrg̕uez Llamos,̕ Juan Ramn̤ 
245 1 0 |a Casos difc̕iles de conciencia judicial  |h [Recurso electrn̤ico] /  |c Juan Ramn̤ Rodrg̕uez Llamos̕ 
256 |a Servicio en ln̕ea 
260 |a Madrid:  |b Dykinson,  |c 2020 
300 |a 1 recurso electrn̤ico 
500 |a De amena e interesante lectura, el autor ofrece en estos Casos difc̕iles de conciencia judicial las dudas y las reflexiones que se le plantearon a lo largo de su profesin̤ judicial en todos y cada uno de los casos judiciales que expone en este libro. Preservando la identidad de las personas, las fechas concretas y los lugares precisos, y diluyendo los hechos en la literatura, la obra muestra solamente la conciencia judicial desnuda de su autor ante estos asuntos difc̕iles para mostrar cm̤o se forja el razonamiento jurd̕ico, cm̤o se rebusca en el lenguaje la palabra exacta y la argumentacin̤ jurd̕ica correcta y cm̤o en ellos se pone a prueba al hombre y al juez. De todo eso trata este libro: del derecho y de la moral. Son las zonas de ambigüedad y de indefinicin̤ que se le pueden plantear al juez al interpretar y aplicar el derecho a un caso concreto con las que el autor quiere involucrar al lector. 
506 1 |a Disponible solo en los productos indicados  |d vLex Global  |d vLex Global (Academic Edition, excluding Law Schools)  |d vLex Global (U.S. Academic Edition, Law Schools)  |d vLex Global (U.S. Academic Edition, excluding Law Schools) 
650 0 4 |a Derecho Militar  |z Espaą 
740 0 |a vLex Libros (Servicio en ln̕ea) 
856 4 0 |u https://app.vlex.com/#/sources/33520  |z Acceso restringido 
942 |c BOOK 
999 0 |a Military Law